000 00423nam a2200169Ia 4500
008 100907t1978 xxu||||| |||| 00| 0 sin d
041 _asin
080 _a8S31
_bSAP
100 _aSaputhanthri, Karunarathna
245 _aගංගා
246 _aGanga 27
260 _bSamanala
_aKelaniya
_c1978
_c1980
300 _a214p., 18 :239p., 18 cm
942 _cBK
999 _c74134
_d74134
003 LK-CoDNM
040 _aLK-CoDNM
_dLK-CoDNM
_eLK-CoDNM